000 00914nam a2200229Ia 4500
001 15627
003 GE_BSU
008 181216s||||||||xx |||||||||||||| ||und||
040 _cGE_BSU
080 _a82-93:821.161.1-3
100 _aგოლუბევა, ა.
245 _aურჟუმელი ყმაწვილი
245 _bმოთხრობა ს.მ. კიროვის ბავშვობასა და სიჭაბუკეზე.
245 _cმთარგმნ.:როდიონ ქორქია. რედ. ვ. კიკნაძე. მხატვ. შ. ბერიტაშვილი
260 _aთბილისი
260 _bსაბლიტგამი
260 _c1948
300 _a256გვ. : სურ. ; 21სმ.
653 _aმოთხრობა
653 _aურჟუმელი ყმაწვილი
942 _cBK
999 _c48727
_d48727